[Event "Prague op-A 19th"]
[Site "Prague"]
[Date "2020.01.12"]
[Round "4"]
[White "Niechotz, Christopher"]
[Black "Romanesco, Roel"]
[Result "1-0"]
[WhiteElo "2107"]
[BlackElo "1856"]
[PlyCount "49"]
[EventDate "2020.01.10"]
[EventType "swiss"]
[EventRounds "9"]
[EventCountry "CZE"]
[SourceTitle "CBM 195 Extra"]
[Source "ChessBase"]
[SourceDate "2020.05.31"]
[SourceVersion "1"]
[SourceVersionDate "2020.05.31"]
[SourceQuality "1"]

1. c4 e6 2. g3 d5 3. Bg2 Nf6 4. Nf3 Be7 5. d4 Nc6 6. 0-0 0-0 7. b3 Ne4 8. Bb2 f5 9. e3 Qe8 10. Ne1 Bf6 11. f3 Nd6 12. Nd2 e5 13. cxd5 exd4 14. e4 Nd8 15. Nd3 b6 16. Re1 fxe4 17. fxe4 Qb5 18. Nf3 Nxe4 19. Rxe4 Bf5 20. a4 Qa6 21. Nb4 Qa5 22. Rf4 Qxb4 23. Rxf5 c5 24. dxc6 Nxc6 25. Ba3 1-0